| 000 | 00746nam a2200301Ia 4500 | ||
|---|---|---|---|
| 005 | 20251020182504.0 | ||
| 008 | 200515s9999 xx 000 0 und d | ||
| 020 | _a958-683-622-3 | ||
| 082 | _a625.89/R47 | ||
| 100 | _aReyes Lizcano, Fredy Alberto | ||
| 245 | 0 | _aDiseño Racional de Pavimentos | |
| 250 | _a1a ed. | ||
| 260 | _aBogotá, D.C. | ||
| 260 | _bCEJA | ||
| 260 | _c2003 | ||
| 300 | _a584 p. | ||
| 300 | _bil., tbl., graf. | ||
| 500 | _a1 ejemplar | ||
| 650 | _aCARGAS DINAMICAS | ||
| 650 | _aCARRETERAS | ||
| 650 | _aDISEÑO DE ESTRUCTURAS | ||
| 650 | _aMATERIALES BITUMINOSOS | ||
| 650 | _aMECANIDA DE SUELOS | ||
| 650 | _aPAVIMENTOS | ||
| 650 | _aRESISTENCIA DE MATERIALES | ||
| 942 | _cLIB | ||
| 999 |
_c1242 _d1242 |
||